00254nam a2200097Ia 4500008004100000100002000041245003100061250001200092260004400104300000800148190216s9999||||xx |||||||||||||| ||und|| aRichardson. E.G 0aSound A Physical Text Book a5th Ed. bThe English Language Book Societyc1963 a352